Think Like a winer (Record no. 48698)

MARC details
000 -LEADER
fixed length control field 00380nam a2200157Ia 4500
008 - FIXED-LENGTH DATA ELEMENTS--GENERAL INFORMATION
fixed length control field 220805s9999 xx 000 0 und d
020 ## - INTERNATIONAL STANDARD BOOK NUMBER
International Standard Book Number 81-85944-04-0
041 ## - LANGUAGE CODE
Language code of text/sound track or separate title eng
082 ## - DEWEY DECIMAL CLASSIFICATION NUMBER
Classification number 153.8002
100 ## - MAIN ENTRY--PERSONAL NAME
Personal name Staples, Walter Doyle
9 (RLIN) 88491
260 ## - PUBLICATION, DISTRIBUTION, ETC. (IMPRINT)
Place of publication, distribution, etc. New Delhi
Name of publisher, distributor, etc. UBSPD
Date of publication, distribution, etc. 1996
245 ## - TITLE STATEMENT
Title Think Like a winer
250 ## - EDITION STATEMENT
Edition statement 4
300 ## - PHYSICAL DESCRIPTION
Extent 287
650 ## - SUBJECT ADDED ENTRY--TOPICAL TERM
Topical term or geographic name as entry element Human psychology
9 (RLIN) 88492
Holdings
Withdrawn status Lost status Damaged status Not for loan Collection code Home library Current library Date acquired Vendor Cost, normal purchase price Full call number Barcode Date last seen Bill Date Koha item type Original Barcode
          Manilal Nanavati Vocational Training Institute Pune Manilal Nanavati Vocational Training Institute Pune 09/08/2022 Donated 95.00 153.8002/STA/DB1328 MNVT-DB-1328 09/08/2022 09/08/2022 Donated Book DB1328